| 000 | 00902nam0a22002531 4500 | ||
|---|---|---|---|
| 001 | rc\2860798 | ||
| 005 | 20110710020504.3 | ||
| 035 | _a(NLR Aleph) 007015101 | ||
| 090 |
_a5853408 _c5853408 |
||
| 100 | _a20110710d1928 |||y0rusy50 ca | ||
| 101 | 0 | _arus | |
| 102 | _aRU | ||
| 105 | _ay z ||||| | ||
| 200 | 1 |
_aСистема натуральных вкладов _eК вопросу о мобилизации крестьянских накоплений |
|
| 210 |
_aМосква _aЛенинград _cМосковский рабочий _d1928 _gтип. "Красная Пресня" 3-я "Мосполиграф" |
||
| 215 |
_a104 с. _d21х14 см |
||
| 300 | _aПредисловие: А. Сленков | ||
| 700 | 1 |
_aТрошин _bК. К. |
|
| 702 | 1 |
_aСленков _bА. _4080 |
|
| 801 | 0 |
_aRU _bNLR _gpsbo |
|
| 801 | 1 |
_aRU _bELAR _2rusmarc |
|
| 852 |
_aNLR _j44/107 |
||
| 942 | _cBOOK | ||
| 980 | _aNB | ||